Data structures and other objects : a second course in computer science

Bibliographic Details
Main Author: Main, Michael
Format: Book
Published: California : The Benjamin/Cummings Publishing , 1995
Edition:Turbo Pascal Edition
Subjects:

MARC

LEADER 00000cam a2200000 7i4500
001 0000006790
002 000007316
005 20000330.0
020 |a 0805370862 
090 0 0 |a 005.73   |b MAI 
100 1 |a Main, Michael 
245 1 0 |a Data structures and other objects :   |b a second course in computer science   |c Michael Main and Walter Savitch 
250 |a Turbo Pascal Edition 
260 |a California :   |b The Benjamin/Cummings Publishing ,   |c 1995 
300 |a 813 p. ;   |c 23 cm. 
650 0 0 |a Data structures (Computer science) 
999 |a 040719   |b BUKU   |c PINJAMAN   |e PERPUSTAKAAN KOMUNITI PETALING JAYA